000 01109nam a2200241Ia 4500
003 Ost
005 20260507075651.0
008 260507s9999||||xx |||||||||||||| ||und||
040 _cfsecg
041 _aara
082 _a340.0154
100 _aالصراف، عباس
_eمؤلف
245 0 _aالمدخل الى علم القانون :
_bنظرية القانون- نظرية الحق /
_c عباس الصراف
260 _aعمان:
_bدار الثقافة للنشر والتوزيع,
_c2005
300 _a294 صفحة؛
_bإيضاحات ؛
_c24 سم
504 _aالمراجع ص.280
520 _aالمجتمع الإنساني والقانون- مصادر القانون ونطاق تطبيقه في الزمان والمكان- تعريف الحق وأنواع الحقوق- أركان الحق- مصادر الحقوق والإلتزمات المالية- اثبات الحق- استعمال الحق.
653 _aالقانون
653 _aنظريات القانون
653 _aنظرية الحق
700 _aحزبون، جورج
_eمؤلف ثانوي
942 _cكتاب
999 _c45608
_d45608